LEADER 01054nam a2200205 i 4500 001 000000251772 003 CaOOAMICUS 005 20161201000000.0 008 161201s1804 it u000 u ita u 013 $a230677 026 $aE.SE r-o, cire sctu (7) 1804 (R) 040 $aSeMil$bita 245 10$aTomo 17. 300 $a403, [1] p. 500 $aContiene: Pietro Verri, Memorie storiche sulla economia pubblica dello stato di Milano; Osservazioni sulla tortura; Degli elementi del commercio; Considerazioni sul lusso. - Segn.: [A]8 B-2B8 2C2. 773 0 $tScrittori classici italiani di economia politica.$dMilano : Nella Stamperia e Fondria di G. G. Destefanis, a san Zeno n. 534, 1803-1816.$g24$w()33494 773 0 $tScrittori classici italiani di economia politica. Parte moderna.$dMilano : Nella Stamperia e Fonderia di G. G. Destefanis, a san Zeno n. 534, 1803-1805.$g17$w()33495 850 $aSeMil 852 $aSeMil$W1$xVenegono$y1$m3M II 17 FA$j202118$B202118$CSeMilBibl$Z2$F214724 $8I 996 $6245$aTomo 17.$9(OLS)http://semarc/title/298343 LEADER 00994nam a2200229 i 4500 001 000000078317 003 CaOOAMICUS 005 20170119000000.0 008 170119s1842 it u000 u ita u 013 $a50554 040 $aSeMil$bita 100 1 $aCaffi, Michele.$0(OLS)http://semarc/name/91028 245 10$aDell'abbazia di Chiaravalle in Lombardia :$billustrazione storico-monumentale-epigrafica /$cdi Michele Caffi. 260 $aMilano :$bGiacomo Gnocchi,$c1842. 300 $a158 p., [3] carte di tav. :$bill. ;$c23 cm. 650 4$aMilano - Abbazia di Chiaravalle.$0(OLS)http://semarc/subject/45066 850 $aSeMil 852 $aSeMil$W1$xVenegono$y1$m3O II 65 FA$j44261$B44261$CSeMilBibl$Z2$F45913 $8I 941 1 $a10 961 $aRecupero: Mantegazza 996 $6245$aDell'abbazia di Chiaravalle in Lombardia :$billustrazione storico-monumentale-epigrafica$9(OLS)http://semarc/title/402883 996 $6260$aMilano :$bGiacomo Gnocchi$9(OLS)http://semarc/publisher/36164